Library classificaton (Record no. 1921)

MARC details
000 -LEADER
fixed length control field 00294nam a22001337a 4500
001 - CONTROL NUMBER
control field 1921
003 - CONTROL NUMBER IDENTIFIER
control field OSt
005 - DATE AND TIME OF LATEST TRANSACTION
control field 20260408124304.0
008 - FIXED-LENGTH DATA ELEMENTS--GENERAL INFORMATION
fixed length control field 260408b |||||||| |||| 00| 0 eng d
040 ## - CATALOGING SOURCE
Language of cataloging eng
Transcribing agency self
100 ## - MAIN ENTRY--PERSONAL NAME
Personal name Ranganathan,S.R.
245 ## - TITLE STATEMENT
Title Library classificaton
942 ## - ADDED ENTRY ELEMENTS (KOHA)
Source of classification or shelving scheme Dewey Decimal Classification
Koha item type BOOKS
Suppress in OPAC Yes
Holdings
Withdrawn status Lost status Source of classification or shelving scheme Damaged status Not for loan Home library Current library Date acquired Total checkouts Date last seen Price effective from Koha item type
    Dewey Decimal Classification     Centerville Centerville 08/04/2026   08/04/2026 08/04/2026 BOOKS